Europa en el siglo xvi : aspectos económicos /
Guardado en:
| Autor Principal: | |
|---|---|
| Formato: | Libro |
| Publicado: |
Barcelona :
Labor,
1969
|
| Series: | Nueva Clio. La historia y sus problemas
|
| Materias: | |
| Etiquetas: |
Agregar Etiqueta
Sin Etiquetas, Sea el primero en etiquetar este registro!
|
| LEADER | 00836nam a22001935a 4500 | ||
|---|---|---|---|
| 001 | CEM.cems013011 | ||
| 005 | 20081022085500.0 | ||
| 008 | 130507s1969##################000#0#####d | ||
| 003 | CEMS | ||
| 082 | 0 | 4 | |a 330.9031 |
| 100 | 1 | |a Mauro, Frédéric | |
| 245 | 1 | 0 | |a Europa en el siglo xvi : |b aspectos económicos / |c Frédéric Mauro |
| 260 | |a Barcelona : |b Labor, |c 1969 | ||
| 300 | |a 334 p. | ||
| 490 | 0 | |a Nueva Clio. La historia y sus problemas | |
| 505 | 0 | |a La oferta -- La demanda -- El juego de la oferta y la demanda -- Debates entre historiadores y directrices para la investigación -- Problemas de método -- Crecimiento y desarrollo -- Economía y civilización -- Sociedades y grupos sociales -- Documentación | |
| 653 | |a Europa-siglo xvi | ||
| 653 | |a Europa-economía | ||
| 859 | |a CEMS |b BIB. CEMS - 11 de abril |h 330.9031 |i M447 |p 25272.08 |t Ej.1 | ||
